000 02066cam a2200409 i 4500
999 _c9191
_d9191
001 18626613
003 KZ 7312 CHA 2016
005 20210607151917.0
008 150521s2016 nyua b 001 0 eng
010 _a 2015013621
020 _a9780199927913 (pbk. : alk. paper)
020 _a9780199927890 (hardcover : alk. paper)
020 _z9780199927906 (ebook)
020 _z9780190279585 (online resource)
040 _aDLC
_beng
_cDLC
_erda
_dDLC
042 _apcc
050 0 0 _aKZ7312
_b.C476 2016
082 0 0 _a345/.01
_223
100 1 _aChappell, Louise A.,
_d1966-
_eauthor.
245 1 4 _aThe politics of gender justice at the International Criminal Court :
_blegacies and legitimacy /
_cLouise Chappell.
264 1 _aNew York, NY :
_bOxford University Press,
_c[2016]
300 _axx, 276 pages :
_billustrations ;
_c25 cm.
336 _atext
_2rdacontent
337 _aunmediated
_2rdamedia
338 _avolume
_2rdacarrier
490 0 _aOxford studies in gender and international relations
500 _aIncludes bibliographical references (pages 233-260) and index.
504 _aIncludes bibliographical references (pages 233-260) and index.
505 0 _aThe politics of gender justice at the International Criminal Court -- The International Criminal Court in time and space -- Representing gender justice at the International Criminal Court -- Recognising gender justice at the International Criminal Court -- Redistributing gender justice at the International Criminal Court -- Complementing gender justice through the International Criminal Court -- Legacies and legitimacy of international gender justice.
610 2 0 _aInternational Criminal Court.
650 0 _aWomen
_xCrimes against
_xLaw and legislation.
650 0 _aSex discrimination against women
_xLaw and legislation.
650 0 _aWomen
_xLegal status, laws, etc.
906 _a7
_bcbc
_corignew
_d1
_eecip
_f20
_gy-gencatlg
942 _2lcc
_cBK
_h7312
_iCHA
_kKZ